banner-ar

تخميس مقصورة ابن دريد الازدى المتوفى سنة 321 هـ فى رثاء الامام ابى عبدالله الحسين بن على عليهما السلام / (Record no. 34522)

MARC details
000 -الفاتح
حقل البيانات ثابتة الطول 00841nam a2200205Ia 4500
005 - وقت وتاريخ اخر تعامل مع التسجيلة
رقم الضبط 20240530102752.0
008 - عناصر البيانات ثابتة الطول - معلومات عامة
حقل البيانات ثابتة الطول 140319s9999 xx 000 0 ara d
040 ## - مصدر الفهرسة
وكالة الفهرسة الأصلية GCL /
وكالة النسخ GCL
082 04 - رقم تصنيف ديوى العشرى
رقم التصنيف 811.4
رقم المادة و ت
100 1# - المدخل الرئيسى - إسم شخصى
الإسم الشخصى عبدالصاحب عمران الدجيلى
245 10 - بيان العنوان
العنوان تخميس مقصورة ابن دريد الازدى المتوفى سنة 321 هـ فى رثاء الامام ابى عبدالله الحسين بن على عليهما السلام /
بيان المسئوليه,etc عبدالصاحب عمران الدجيلى
260 ## - PUBLICATION, DISTRIBUTION, ETC. (IMPRINT)
تاريخ النشر أو التوزيع 1977
300 ## - الوصف المادى
التعداد 359 ص
650 04 - المدخل الاضافى بالموضوع-مصطلح موضوعى
مصطلح موضوعي الادب العربى
650 04 - المدخل الاضافى بالموضوع-مصطلح موضوعى
مصطلح موضوعي الدولة العباسية الثانية
650 04 - المدخل الاضافى بالموضوع-مصطلح موضوعى
مصطلح موضوعي الرثاء
700 1# - المدخل الاضافى - اسم شخصى
الإسم الشخصى الوزان , موفق الدين بن عبدالله
942 ## - عناصر المدخل الإضافي( كوها)
مصدر التصنيف او مخطط الترفيف Dewey Decimal Classification
Koha [default] item type كتاب
260 ## - PUBLICATION, DISTRIBUTION, ETC. (IMPRINT)
-- [S.N] :
-- دار الكتاب اللبنانى ،
Holdings
حالة التراجع حالة الفقد حالة تلف ليس للاعارة المكان المؤقت الموقع الحالى تاريخ الاكتساب اجمالي اﻻعارات رقم الطلب الباركود تاريخ اخر مشاهدة تاريخ تفعيل السعر نوع وعاء كوها مصدر التصنيف او خطة الترفيف
        مكتبة القاهرة الكبرى مكتبة القاهرة الكبرى 03/26/2014   811.4\و ت 82643 03/26/2014 03/26/2014 كتاب  
        مكتبة القاهرة الكبرى مكتبة القاهرة الكبرى 09/17/2022   811.4\و ت 168481 09/17/2022 09/17/2022 كتاب ddc

Powered By

EGPV